000
00209nam a22000857a 4500
008
161214b xxu||||| |||| 00| 0 eng d
100
_9
2044
_a
Miller.M
245
_a
Be Different
260
_a
NewYork
_b
Evangelical
_c
2003
999
_c
4918
_d
4918